Library Catalogue
St. Thomas' College (Autonomous),Thrissur

Webster's dictionary of English usage (Record no. 87914)

MARC details
000 -LEADER
fixed length control field 00434nam a2200181Ia 4500
003 - CONTROL NUMBER IDENTIFIER
control field STCL
008 - FIXED-LENGTH DATA ELEMENTS--GENERAL INFORMATION
fixed length control field 221019s9999 xx 000 0 und d
020 ## - INTERNATIONAL STANDARD BOOK NUMBER
International Standard Book Number 9780877790327
Qualifying information HB
040 ## - CATALOGING SOURCE
Original cataloging agency STCL
Transcribing agency STCL
Language of cataloging EN
082 ## - DEWEY DECIMAL CLASSIFICATION NUMBER
Edition number 22
100 ## - MAIN ENTRY--PERSONAL NAME
Personal name Merriam Webster
245 #0 - TITLE STATEMENT
Title Webster's dictionary of English usage
260 ## - PUBLICATION, DISTRIBUTION, ETC. (IMPRINT)
Name of publisher, distributor, etc. Merriam- Webster
Place of publication, distribution, etc. USA
Date of publication, distribution, etc. 1989
300 ## - PHYSICAL DESCRIPTION
Extent 978 p
365 ## - TRADE PRICE
Price amount 1930
546 ## - LANGUAGE NOTE
Language note English
942 ## - ADDED ENTRY ELEMENTS (KOHA)
Koha item type Book
Source of classification or shelving scheme
Edition
Holdings
Withdrawn status Lost status Source of classification or shelving scheme Damaged status Not for loan Home library Current library Shelving location Date acquired Total Checkouts Full call number Barcode Date last seen Price effective from Koha item type
          Santhome Athenaeum Santhome Athenaeum General Stacks 19/10/2022   428 MER-W 96629 19/10/2022 19/10/2022 Book
The Librarian
St. Thomas' College (Autonomous),
Thrissur - 680 001, Kerala, INDIA


Phone: +91 487 2420435    Ext: 1006   |    E-mail: stctlib@gmail.com    |    Web: http://stthomas.ac.in